Understanding social theory. (2nd ed.) (Record no. 78479)

MARC details
000 -LEADER
fixed length control field 00999nam a2200217 a 4500
008 - FIXED-LENGTH DATA ELEMENTS--GENERAL INFORMATION
fixed length control field 090219s2006 ||||||||||||||||| || u
020 ## - INTERNATIONAL STANDARD BOOK NUMBER
International Standard Book Number 0761944494
050 ## - LIBRARY OF CONGRESS CALL NUMBER
Classification number HM 26 Lay
100 ## - MAIN ENTRY--PERSONAL NAME
Personal name Layder, Derek
245 10 - TITLE STATEMENT
Title Understanding social theory. (2nd ed.)
Statement of responsibility, etc. Derek Layder
250 ## - EDITION STATEMENT
Edition statement 2nd ed.
260 ## - PUBLICATION, DISTRIBUTION, ETC.
Place of publication, distribution, etc. London:
Name of publisher, distributor, etc. SAGE Publications Ltd
Date of publication, distribution, etc. 2006
260 ## - PUBLICATION, DISTRIBUTION, ETC.
Place of publication, distribution, etc. London:
Name of publisher, distributor, etc. SAGE Publications
Date of publication, distribution, etc. 2006
300 ## - PHYSICAL DESCRIPTION
Extent x, 326p.
350 ## -
-- 0.00
650 #0 - SUBJECT ADDED ENTRY--TOPICAL TERM
Topical term or geographic name entry element SOCIOLOGY
650 ## - SUBJECT ADDED ENTRY--TOPICAL TERM
Topical term or geographic name entry element SOCIOLOGY--PHILOSOPHY
995 ## -
-- MAIN LIBRARY OPEN ACCESS
-- 747237
-- CBU-MAIN LIBRARY (Kitwe)
-- 0.00
-- HM 26 Lay
-- 2
-- AVAILABLE
-- Nov 15, 2016
-- 747237
-- Main Library Open Access Collection
995 ## -
-- MAIN LIBRARY OPEN ACCESS
-- 747625
-- CBU-MAIN LIBRARY (Kitwe)
-- 0.00
-- HM 26 Lay
-- 3
-- AVAILABLE
-- Feb 24, 2017
-- 747625
-- Main Library Open Access Collection
995 ## -
-- ANNEX COLLECTION (Main Library)
-- 0.00
-- 739648
-- CBU-MAIN LIBRARY (Kitwe)
-- 1
-- 0.00
-- HM 26 LAY
-- 1
-- AVAILABLE
-- Feb 19, 2009
-- 739648
-- Annex Low-Usage Collection
999 ## -
-- 78479
-- 78479
Holdings
Withdrawn status Lost status Source of classification or shelving scheme Damaged status Not for loan Permanent Location Current Location Shelving location Date acquired Total Checkouts Full call number Barcode Date last seen Copy number Price effective from Koha item type
          CBU-MAIN LIBRARY, KITWE. CBU-MAIN LIBRARY, KITWE.   05/17/2023   HM 26 Lay 747237 05/17/2023 1 05/17/2023 MONOGRAPH
          CBU-MAIN LIBRARY, KITWE. CBU-MAIN LIBRARY, KITWE.   05/17/2023   HM 26 Lay 747625 05/17/2023 2 05/17/2023 MONOGRAPH
          CBU-MAIN LIBRARY, KITWE. CBU-MAIN LIBRARY, KITWE.   05/17/2023   HM 26 Lay 739648 05/17/2023 3 05/17/2023 MONOGRAPH